| 000 | 00489nam a2200169 i 4500 | ||
|---|---|---|---|
| 001 | 55759 | ||
| 003 | ES-MaACL | ||
| 005 | 20230906163220.0 | ||
| 007 | t| | ||
| 008 | 030926s1971 sp ||||1| spa d | ||
| 100 | 1 |
_aDewailly, L. M. _944033 |
|
| 245 | 1 | 3 |
_aLa joven Iglesia de Tesalónica / _cL.M. Dewailly ; traducción por Eloy Requena. |
| 260 |
_aMadrid : _bStudium, _c[1971] |
||
| 300 |
_a152 p. ; _c22 cm. |
||
| 700 | 1 |
_aRequena, Eloy. _996289 |
|
| 852 |
_aES-MaACL _jC-47511 _bR.79433 |
||
| 999 |
_c55759 _d55759 |
||